[Event "DVM U20w 2015"]
[Site "Osnabrück GER"]
[Date "2015.12.28"]
[Round "3"]
[White "Leinemann, Vivien Sophie"]
[Black "Wagner, Swenja"]
[Result "0-1"]
[Termination "normal"]
[Board "6.1"]
[WhiteElo "1635"]
[BlackElo "1727"]
[WhiteTeam "Hamburger SK von 1830"]
[BlackTeam "Leegebrucher SF"]
[PlyCount "38"]
[WhiteFideId "16208536"]
[BlackFideId "12900494"]
[EventCountry "GER"]
[EventRounds "7"]
[EventType "team-swiss"]
[EventDate "2015.12.26"]

1. e4 e5 2. Nf3 Nf6 3. Bb5 Nc6 4. d3 Ne7 5. Nc3 Ng6 6. h4 c6 7. Bc4 Bd6 8. h5
Ne7 9. Ng5 Rf8 10. h6 g6 11. Qf3 Neg8 12. Be3 Bc7 13. d4 d5 14. dxe5 Bxe5 15.
Qe2 dxc4 16. Qxc4 Qc7 17. g3 Bg4 18. f4 Bxc3+ 19. Qxc3 O-O-O 0-1

[Event "DVM U20w 2015"]
[Site "Osnabrück GER"]
[Date "2015.12.28"]
[Round "3"]
[White "Wolff, Marie"]
[Black "Voß, Henrike"]
[Result "1-0"]
[Termination "normal"]
[Board "6.2"]
[WhiteElo "1703"]
[BlackElo "1535"]
[WhiteTeam "Leegebrucher SF"]
[BlackTeam "Hamburger SK von 1830"]
[PlyCount "141"]
[WhiteFideId "12908258"]
[BlackFideId "12971910"]
[EventCountry "GER"]
[EventRounds "7"]
[EventType "team-swiss"]
[EventDate "2015.12.26"]

1. c4 f5 2. Nc3 Nf6 3. Nf3 d6 4. d4 g6 5. Bf4 Bg7 6. e3 O-O 7. Bd3 Qe8 8. h3 c6
9. Qb3 Kh8 10. O-O-O Nbd7 11. Nd2 e5 12. Bh2 Nb6 13. c5 dxc5 14. Bxe5 cxd4 15.
Bxd4 Nbd5 16. Rhe1 Qf7 17. e4 Nxc3 18. Bxc3 Be6 19. Bc4 Bxc4 20. Qxc4 Qxc4 21.
Nxc4 Nxe4 22. Bxg7+ Kxg7 23. Rd7+ Kg8 24. Re2 Rf7 25. Rxf7 Kxf7 26. f3 Nc5 27.
Kc2 Rd8 28. a3 Ne6 29. Kc3 Kf6 30. Na5 b6 31. Nb3 Nf4 32. Rf2 c5 33. Kc2 Nd3
34. Re2 Nf4 35. Rf2 a6 36. h4 Nd3 37. Rf1 Nf4 38. g3 Ne2 39. g4 Nd4+ 40. Nxd4
Rxd4 41. Kc3 fxg4 42. fxg4+ Ke7 43. Re1+ Kd7 44. Rg1 Kd6 45. Rg3 Ke5 46. h5 Kf4
47. Rg1 Kg5 48. hxg6 hxg6 49. Re1 Rd6 50. Rg1 Rd4 51. Re1 Kxg4 52. Re6 Kf5 53.
Rxb6 a5 54. Rb5 Rd5 55. Kc4 Ke4 56. Rxa5 g5 57. Ra8 Rf5 58. a4 g4 59. Rg8 Kf3
60. a5 g3 61. a6 Rf4+ 62. Kxc5 Ra4 63. Kb5 Ra2 64. b4 g2 65. Kb6 Kf2 66. Rf8+
Ke3 67. Rg8 Kf2 68. a7 Ra4 69. b5 g1=Q 70. Rxg1 Kxg1 71. Kb7 1-0

[Event "DVM U20w 2015"]
[Site "Osnabrück GER"]
[Date "2015.12.28"]
[Round "3"]
[White "Reich, Kristina"]
[Black "Sauer, Annika"]
[Result "1/2-1/2"]
[Termination "normal"]
[Board "6.3"]
[WhiteElo "1636"]
[BlackElo "1653"]
[WhiteTeam "Hamburger SK von 1830"]
[BlackTeam "Leegebrucher SF"]
[PlyCount "60"]
[WhiteFideId "12964719"]
[BlackFideId "12952052"]
[EventCountry "GER"]
[EventRounds "7"]
[EventType "team-swiss"]
[EventDate "2015.12.26"]

1. e4 d5 2. exd5 Qxd5 3. Nc3 Qa5 4. d4 Nf6 5. Nf3 Bf5 6. Bc4 e6 7. Bd2 c6 8.
Nd5 Qd8 9. Nxf6+ Qxf6 10. Qe2 Nd7 11. O-O-O Nb6 12. Bb3 Bg4 13. Bc3 Bxf3 14.
Qxf3 Qxf3 15. gxf3 O-O-O 16. Rhg1 Rg8 17. Rde1 Nd5 18. Bd2 Kd7 19. Kb1 Bd6 20.
h3 Nf4 21. Bxf4 Bxf4 22. Rd1 Ke7 23. c3 g5 24. Bc2 h5 25. Rde1 Kf6 26. Re4 e5
27. Rd1 exd4 28. Rdxd4 Rxd4 29. Rxd4 Re8 30. Be4 Ke6 1/2-1/2

[Event "DVM U20w 2015"]
[Site "Osnabrück GER"]
[Date "2015.12.28"]
[Round "3"]
[White "Fischer, Trixy"]
[Black "G., Diana"]
[Result "0-1"]
[Termination "normal"]
[Board "6.4"]
[WhiteElo "651"]
[BlackElo "1328"]
[WhiteTeam "Leegebrucher SF"]
[BlackTeam "Hamburger SK von 1830"]
[PlyCount "64"]
[WhiteFideId "16217462"]
[BlackFideId "12964700"]
[EventCountry "GER"]
[EventRounds "7"]
[EventType "team-swiss"]
[EventDate "2015.12.26"]

1. e4 d6 2. Nf3 g6 3. Nc3 Bg7 4. d4 Nf6 5. Bc4 O-O 6. e5 dxe5 7. Nxe5 Nbd7 8.
Bf4 Nh5 9. Qf3 Nxf4 10. Qxf4 c5 11. Bxf7+ Rxf7 12. Qxf7+ Kh8 13. Nf3 cxd4 14.
Ne4 Nf6 15. Neg5 h6 16. Ne5 Qa5+ 17. Kd1 Qxe5 18. Re1 Qxg5 19. Rxe7 Bg4+ 20. f3
Bxf3+ 21. gxf3 Rg8 22. Rc1 Qg1+ 23. Kd2 Qxh2+ 24. Kd1 Qg1+ 25. Kd2 Qf2+ 26. Kd3
Qxf3+ 27. Kc4 Rc8+ 28. Kxd4 Rd8+ 29. Kc4 Qc6+ 30. Kb4 Nd5+ 31. Kb3 Qb5+ 32. Ka3
Qb4# 0-1